000 00333nam a22001457a 4500
008 210302b ||||| |||| 00| 0 eng d
020 _a0803913966
041 _aeng
080 _a37
082 _a37
100 _a25
101 _aEDU
245 _aNeeds Assessment A model for Community Planning
_cNeuber, K.A
942 _2udc
_cBK
999 _c55498
_d55498